| 000 | 00789nas a2200265 454500 | ||
|---|---|---|---|
| 001 | 62182 | ||
| 005 | 20260407193512.0 | ||
| 008 | 260407s ####ag###########|||spa#d | ||
| 003 | AR-UNSa-BCEJYS | ||
| 040 |
_aAR-UNSa-BCEJYS _bspa _cAR-UNSa-BCEJYS |
||
| 080 |
_a658.012 _xMétodos (Management...) |
||
| 245 | 1 | 0 | _aLíderes del tercer milenio. El nuevo modelo de negocios |
| 264 | 1 |
_aBuenos Aires : _bClarin |
|
| 310 | _aFrecuencia: Irregular | ||
| 041 | _aspa | ||
| 942 | _cSER | ||
| 590 | _aniveau_biblio:s niveau_hierar:1 | ||
| 100 | 1 | _aClarin | |
| 700 | 1 | _aMercado | |
| 650 | _aMarketing | ||
| 650 | _aECONOMIA | ||
| 650 | _aCULTURA ORGANIZACIONAL | ||
| 650 | _aNEGOCIOS | ||
| 856 | 4 | 1 |
_uhttp://www.biblioeco.unsa.edu.ar/pmb/images/revistas/R23391.jpg _yImagen de portada _qimage/jpeg |
| 999 |
_c8990 _d8990 |
||